000 00291nam a2200121Ia 4500
008 190802s9999 xx 000 0 und d
020 _a0-852-97-066-8
100 _aD. G. Hanson
245 0 _aService Banking
260 _aLondon
_bInstittute of Bankers
_c1982
300 _a485:p
942 _cBK
999 _c2441
_d2441